Conservation of the soil (Record no. 21860)

MARC details
000 -LEADER
fixed length control field 00277nam a2200109Ia 4500
082 ## - DEWEY DECIMAL CLASSIFICATION NUMBER
Classification number 631.4:502.65
Item number GUS
100 ## - MAIN ENTRY--AUTHOR NAME
Personal name Gustafson, A F
245 #0 - TITLE STATEMENT
Title Conservation of the soil
260 ## - PUBLICATION, DISTRIBUTION, ETC. (IMPRINT)
Place of publication New York
Name of publisher McGraw Hill
Year of publication 1937
942 ## - ADDED ENTRY ELEMENTS (KOHA)
Koha item type Books
Holdings
Withdrawn status Lost status Damaged status Not for loan Home library Current library Date acquired Full call number Accession Number Koha item type
        RRII Library RRII Library 16/12/2021 631.4:502.65 GUS 02577 Books